000 00285nam a22001217a 4500
082 _a823
_bCLA/U
100 _aCLASSIC BOOKS
245 _aTHE UGLY DUCKLING
260 _aDELHI
_bCLASSIC BOOKS INTERNATIONAL
_c2003
300 _a221
650 _aCHILDRENS ILLUSTRATED CLASSICS
942 _cBK
999 _c369
_d369